| 000 | 00445nam a2200145 a 4500 | ||
|---|---|---|---|
| 001 | 1221 | ||
| 003 | CDMR | ||
| 005 | 20151016124801.0 | ||
| 008 | 130130s2001||||||||||||||||||||||||||||d | ||
| 040 |
_aCDMR _bcat _cCDMR |
||
| 110 | 2 |
_9133 _aCol·legi de Periodistes de Catalunya |
|
| 245 | 1 | 0 |
_aEstatuts del Col.legi de Periodistes de Catalunya _b: aprovats en assemblea del dia 9 d'octubre de 2001 |
| 260 |
_aBarcelona _c2001 _bC.P.C. |
||
| 942 |
_cMON _2udc |
||
| 999 |
_c1221 _d1221 |
||